Plytvanie nám nie je ľahostajné

Potraviny s dátumom minimálnej trvanlivosti sú kvalitné a bezpečné aj tri mesiace po tomto dátume, napriek tomu ich slovenskí spotrebitelia aj obchodníci vyhadzujú. Príčiny plytvania potravinami a ako ich zmierniť. Rozhovor.

Gespeichert in:
Bibliographische Detailangaben
1. Verfasser: Halasová, Henrieta
Weitere Verfasser: Fašiangová, Katarína
Format: Buchkapitel
Sprache:Slowakisch
Schlagworte:
Tags: Tag hinzufügen
Keine Tags, Fügen Sie das erste Tag hinzu!

MARC

LEADER 00000naa a2200000 4500
001 0221778
005 20160907125318.1
041 0 |a slo 
044 |a SK 
245 1 0 |a Plytvanie nám nie je ľahostajné  |c Henrieta Halasová, Katarína Fašiangová 
520 |a Potraviny s dátumom minimálnej trvanlivosti sú kvalitné a bezpečné aj tri mesiace po tomto dátume, napriek tomu ich slovenskí spotrebitelia aj obchodníci vyhadzujú. Príčiny plytvania potravinami a ako ich zmierniť. Rozhovor. 
610 2 0 |a potraviny 
610 2 0 |a dozor potravinový 
610 2 0 |a kvalita potravín 
610 2 0 |a obchodníci 
610 2 0 |a spotrebitelia 
100 1 |a Halasová, Henrieta 
700 1 |a Fašiangová, Katarína